[Event "NED-ch U12 op"]
[Site "Borne"]
[Date "2013.08.10"]
[Round "12"]
[White "Droogh, Piet Hein"]
[Black "Lu, Ting Ting"]
[Result "1-0"]
[WhiteElo "962"]
[BlackElo "1120"]
[PlyCount "103"]
[EventDate "2013.08.05"]
[EventType "swiss"]
[EventRounds "13"]
[EventCountry "NED"]
[SourceTitle "EXT 2015"]
[Source "ChessBase"]
[SourceDate "2014.11.20"]
[SourceVersion "1"]
[SourceVersionDate "2014.11.20"]
[SourceQuality "1"]

1. e4 e5 2. Nf3 Nc6 3. d4 exd4 4. Nxd4 Bc5 5. Be3 Qf6 6. c3 Nge7 7. Bc4 0-0 8. 0-0 Qg6 9. Nd2 b6 10. f3 d6 11. Qe2 Be6 12. Bb3 Rad8 13. f4 Qf6 14. Nxe6 Bxe3+ 15. Qxe3 fxe6 16. f5 d5 17. fxe6 Qxe6 18. Rae1 Qg6 19. Rxf8+ Kxf8 20. exd5 Nxd5 21. Qf3+ Qf7 22. Qxf7+ Kxf7 23. Nf3 Na5 24. Bc2 g6 25. Rd1 Nc6 26. Bb3 Ke6 27. Ng5+ Kf5 28. Rxd5+ Rxd5 29. Bxd5 Kxg5 30. Bxc6 Kf6 31. Kf2 Ke5 32. Ke3 Kd6 33. Bf3 Ke5 34. b4 Kd6 35. Kd4 h6 36. a4 a6 37. Be2 a5 38. b5 c6 39. c4 c5+ 40. Ke4 Ke6 41. Bd3 Kf6 42. Kd5 Ke7 43. Kc6 Kd8 44. Kxb6 g5 45. Kxc5 Kc7 46. b6+ Kb7 47. Be4+ Kb8 48. Kb5 h5 49. c5 g4 50. c6 h4 51. c7+ Kc8 52. Kc6 1-0